Follow that Line: Scrubs (season 1) Quiz Stats

 Plays Quiz not verified by Sporcle

Also try: TV Pop-Ups
Challenge
Share
Tweet
Embed
Score 0/36 Timer 10:00
0 Plays Today
% Correct
I'm a doctor who's afraid of sick people.
79.3%
And that just led right back to poo!
75.4%
I only get about an hour and a half worth of work around here, and the rest of the time I track you. Like an animal.
74.7%
Only when she finds me in bed with some guy... So, yeah, most days.
71.9%
Oh, God, you killed someone!
68.2%
The only difference will be that some sorry new intern will probably mistake you for someone who actually knows something.
67.7%
Elliot got some booty! Some booty! Some what? What?
67%
And no girlfriends. It's a gassy disease.
65.4%
It's kinda soon to tell.
63.4%
You should give speeches to teenage girls.
61.8%
I know. I would have laughed if you'd paused.
60.8%
The guy we bought him from used to keep him in a box full of old hats.
60.7%
They love the boobies.
60.1%
Can you use it in a sentence?
56.5%
Okay.
54.9%
Well, pretty much this. Except I'm really invested and so I thought I might try crying a little.
53.7%
Dr Wen wants me to ask you if there could be a mix-up? Because our appendicitis patient, that dude doesn't have an appendix.
53.2%
No, I lost my thesaurus.
50.7%
% Correct
Is that good cocktail conversation?
48.7%
You know, we don't. It says it right here on the box.
47.6%
Name an actress. J.D. could tell you which movie she appeared in naked.
46.5%
You've gotta stop calling it that.
46%
Which, in this hospital, could actually happen.
45.2%
All right, Clara, you can go ahead and order yourself a Cosmopolitan.
43.6%
Are you flirting with me?
43.5%
Let's put Rowdy on top of the TV and see which one of us can throw a hat on him first.
42.5%
You have no idea how many times you're going to say that tonight.
41.8%
Well, remember on Thanksgiving when I said your turkey was dry and you picked me up and shook me?
40.1%
I'm not following.
40.1%
Good thing you still have your flower then.
38.9%
Your butt looks like two pringles hugging.
36.4%
Lose the clothes.
32.6%
Like nuts in brownies, captain.
31.7%
Uh, I was bonding.
26.8%
It looks like his eyes are screaming.
22.7%
There is something so soft about you.
19.3%

You're not logged in!

Compare scores with friends on all Sporcle quizzes.
Join for Free
OR
Log In

You Might Also Like...

Show Comments

Extras

Curator's Pick May 11, 2018ReportNominate
Tags:Follow That Line Quiz, Scrubs, TV Quotes

Top Quizzes Today


Score Distribution

Your Account Isn't Verified!

In order to create a playlist on Sporcle, you need to verify the email address you used during registration. Go to your Sporcle Settings to finish the process.

Report this User

Report this user for behavior that violates our Community Guidelines.

Details: